| 000 | 00773cam a22002533a 4500 | ||
|---|---|---|---|
| 001 | 21418 | ||
| 003 | PGUSA | ||
| 005 | 20140828083445.0 | ||
| 008 | 070511s2007||||xxu|||||s|||||000 | eng d | ||
| 040 |
_aPGUSA _beng |
||
| 042 | _adc | ||
| 050 | 4 | _aRJ | |
| 100 | 1 |
_aHague, W. Grant _q(William Grant), _d1868- |
|
| 245 | 1 | 4 |
_aThe Eugenic Marriage, Volume IV. (of IV.) : _bA Personal Guide to the New Science of Better Living and Better Babies _h[electronic resource] / _cW. Grant Hague |
| 260 |
_bProject Gutenberg, _c2007 |
||
| 506 | _aPublic domain in the USA. | ||
| 516 | _aElectronic text | ||
| 653 | _aHygiene | ||
| 653 | _aEugenics | ||
| 653 | _aMarriage | ||
| 830 | 0 |
_aProject Gutenberg _v21418 |
|
| 856 | 4 | 0 | _uhttp://www.gutenberg.org/ebooks/21418 |
| 942 | _cEB | ||
| 999 |
_c250673 _d250673 |
||